000 02710nam a2200277Ia 4500
005 20190906105812.0
008 130821s1676 sp fr 1 mulsd
040 _aCo-BoUCM
_bspa
_cSandra Yazo
_dSandra Yazo
041 0 _aspa
_alat
082 0 4 _a951
_220
092 _aE10N047
100 1 _aFernández Navarrete, Domingo
_d1618-1686
_966630
242 0 0 _aTratados históricos, políticos, éticos y religiosos de la monarquía de China.
_bDescripción breve de aquel imperio, y ejemplos raros de emperadores y magistrados de él. Con narración amplia de varios sucesos y cosas singulares de otros reinos y de diferentes navegaciones
_cpor el P. Maestro Fr. Domingo Fernández Navarrete
_yspa
245 1 0 _aTratados historicos, politicos, ethicos, y religiosos de la monarchia de China.
_bDescripcion breve de aquel imperio, y exemplos raros de emperadores, y magistrados del. Con narracion difusa de varios sucessos, y cosas singulares de otros reynos, y diferentes navegaciones …
_cpor el P. Maestro Fr. Domingo Fernandez Navarrete
260 _aMadrid (España)
_bImprenta Real. Por Juan García Infançon ; A costa de Florian Anisson
_c1676
300 _a[18], 518, [25] páginas
_c30 x 22 cm.
500 _aDetalles físicos: Encuadernación flexible en pergamino. Tapas y lomo con pergamino arrugado y sucio. Conserva parcialmente las guardas. Portada impresa en dos tintas, con orla decorativa y un escudo heráldico, marca de propiedad (Verástegui). Dedicatoria. Palabras al lector. Permisos y licencias. Resumen del privilegio. Fe de erratas. Tasación. Cenefas y remates. Mayúsculas capitales. Signaturas y reclamos. Texto impreso en dos columnas con varios tipos y tamaños de letra. Párrafos numerados. Algunas apostillas marginales. Papel manchado. Ejemplar en buen estado de conservación
505 0 _aTratado 1 – 7: Del origen, nombre, sitio, grandeza y singularidades de la gran China -- Del modo y disposición del gobierno del Chino, de las sectas y de las cosas más memorables de su historia -- Sentencias políticas y morales del filósofo Confucio -- Del libro Ming, Sin, Pao, ken, esto es, espejo precioso del alma -- De la secta literaria -- Tráese el Decreto que se sacó el Papa en Roma año de 1645, 12 de Septiembre
506 _aConsulta en sala
546 _aTexto en castellano antiguo y latín
600 1 _956074
_aConfucio
_d551-479 a. C.
_xCrítica e interpretación, etc.
651 0 4 _aChina
_xHistoria
_962805
690 _aHistoria de Asia
_926507
856 4 1 _zDisponible en línea
_uhttp://books.google.com/books?id=0yViLGVJgkEC&printsec=frontcover&hl=es&source=gbs_ge_summary_r&cad=0#v=onepage&q&f=false
942 _cLIBRO
_a21
_e1
_2LOCAL
_hE10N047
999 _c73435
_d73435